[Event "Baden-ch Seniors"]
[Site "Birkenfeld"]
[Date "2013.06.02"]
[Round "9"]
[White "Krause, Christian"]
[Black "Kubacsny, Vilmos"]
[Result "1-0"]
[WhiteElo "2175"]
[BlackElo "2040"]
[PlyCount "45"]
[EventDate "2013.05.25"]
[EventType "swiss"]
[EventRounds "9"]
[EventCountry "GER"]
[SourceTitle "EXT 2014"]
[Source "ChessBase"]
[SourceDate "2013.11.20"]
[SourceVersion "1"]
[SourceVersionDate "2013.11.20"]
[SourceQuality "1"]

1. g3 g6 2. Bg2 Bg7 3. c4 Nc6 4. e4 d6 5. d3 Rb8 6. Nc3 Nf6 7. Nge2 0-0 8. 0-0 a6 9. a4 Nb4 10. h3 c6 11. d4 b5 12. axb5 cxb5 13. cxb5 axb5 14. Be3 e5 15. dxe5 dxe5 16. Bc5 Nd3 17. Bxf8 Bxf8 18. Qd2 b4 19. Nd5 Nc5 20. Qg5 Bg7 21. Rfd1 Be6 22. Qe3 Bxd5 23. Qxc5 1-0

[Event "Baden-ch Seniors"]
[Site "Birkenfeld"]
[Date "2013.06.01"]
[Round "8"]
[White "Kubacsny, Vilmos"]
[Black "Dushatskiy, Fedor"]
[Result "1/2-1/2"]
[WhiteElo "2040"]
[BlackElo "2172"]
[PlyCount "104"]
[EventDate "2013.05.25"]
[EventType "swiss"]
[EventRounds "9"]
[EventCountry "GER"]
[SourceTitle "EXT 2014"]
[Source "ChessBase"]
[SourceDate "2013.11.20"]
[SourceVersion "1"]
[SourceVersionDate "2013.11.20"]
[SourceQuality "1"]

1. e4 e5 2. Nf3 Nc6 3. Bb5 a6 4. Ba4 d6 5. h3 Bd7 6. a3 Nge7 7. Bb3 Ng6 8. d4 Be7 9. c3 0-0 10. Be3 Bf6 11. 0-0 Qc8 12. Nbd2 Nd8 13. Bg5 Bxg5 14. Nxg5 h6 15. Ngf3 Be6 16. Nh2 Bxb3 17. Qxb3 Qe6 18. Qd1 Nf4 19. d5 Qg6 20. Qg4 f5 21. Qxg6 Nxg6 22. exf5 Ne7 23. c4 Rxf5 24. Ng4 Nf7 25. g3 Ng5 26. Kg2 Raf8 27. f3 R8f7 28. h4 Nh7 29. Rae1 Nf6 30. Nxf6+ R5xf6 31. f4 Rf5 32. fxe5 dxe5 33. Ne4 Rxf1 34. Rxf1 Rxf1 35. Kxf1 Nf5 36. Kf2 Nd6 37. Nd2 b6 38. g4 a5 39. b4 axb4 40. axb4 Kf8 41. Ke3 Ke7 42. c5 bxc5 43. bxc5 Nb7 44. Ne4 Na5 45. Nd2 Kf6 46. Ke4 g6 47. g5+ hxg5 48. hxg5+ Kxg5 49. Kxe5 Kg4 50. Ke6 Kf4 51. d6 cxd6 52. cxd6 Nb7 1/2-1/2

[Event "Budapest FS05 FM-A"]
[Site "Budapest"]
[Date "2010.05.09"]
[Round "9"]
[White "Darazs, Zoltan"]
[Black "Kubacsny, Vilmos"]
[Result "1-0"]
[WhiteElo "2214"]
[BlackElo "2075"]
[PlyCount "67"]
[EventDate "2010.05.01"]
[EventType "tourn"]
[EventRounds "11"]
[EventCountry "HUN"]
[SourceTitle "CBM 136 Extra"]
[Source "ChessBase"]
[SourceDate "2010.07.02"]
[SourceVersion "2"]
[SourceVersionDate "2010.07.15"]
[SourceQuality "1"]

1. e4 c5 2. Nf3 d6 3. d4 cxd4 4. Nxd4 Nf6 5. Nc3 a6 6. Bg5 e6 7. f4 Be7 8. Qf3 Qa5 9. 0-0-0 Nbd7 10. g4 h6 11. Bh4 g5 12. Nb3 Qc7 13. fxg5 Ne5 14. Qg3 hxg5 15. Bxg5 b5 16. Bxf6 Bxf6 17. g5 Be7 18. a3 Bb7 19. h4 0-0-0 20. Kb1 Rdg8 21. Bh3 Nc4 22. Nd5 Qd8 23. Rhf1 Kb8 24. Nxe7 Qxe7 25. Bg2 f6 26. gxf6 Qf7 27. Qf2 Rg4 28. h5 Bxe4 29. Bxe4 Rxe4 30. Nd2 Nxd2+ 31. Rxd2 d5 32. Qb6+ Qb7 33. Qxb7+ Kxb7 34. f7 1-0

[Event "Budapest FS05 FM-A"]
[Site "Budapest"]
[Date "2010.05.03"]
[Round "3"]
[White "Kubacsny, Vilmos"]
[Black "Kapferer, Romed"]
[Result "1/2-1/2"]
[WhiteElo "2075"]
[BlackElo "2085"]
[PlyCount "64"]
[EventDate "2010.05.01"]
[EventType "tourn"]
[EventRounds "11"]
[EventCountry "HUN"]
[SourceTitle "CBM 136 Extra"]
[Source "ChessBase"]
[SourceDate "2010.07.02"]
[SourceVersion "2"]
[SourceVersionDate "2010.07.15"]
[SourceQuality "1"]

1. e4 c6 2. d4 d5 3. exd5 cxd5 4. Bd3 Nc6 5. Nf3 g6 6. 0-0 Bg7 7. Be3 Qb6 8. Nc3 Nf6 9. Na4 Qc7 10. h3 0-0 11. Rc1 Nb4 12. a3 Nxd3 13. cxd3 Qd6 14. Qd2 Bf5 15. Bf4 Qd8 16. Ne5 Rc8 17. g4 Be6 18. Bh6 Nd7 19. Bxg7 Kxg7 20. Qe3 Rxc1 21. Rxc1 Nf6 22. b4 Qd6 23. Nc5 Bc8 24. f4 b6 25. Nb3 Bd7 26. Nd2 a5 27. Ndf3 axb4 28. axb4 Rc8 29. f5 Rxc1+ 30. Qxc1 Qxb4 31. g5 Bxf5 32. gxf6+ exf6 1/2-1/2

[Event "Stuttgart-chA int"]
[Site "Ditzingen"]
[Date "2008.05.04"]
[Round "7"]
[White "Kubacsny, Vilmos"]
[Black "Hittinger, Immanuel"]
[Result "1-0"]
[WhiteElo "2080"]
[BlackElo "1928"]
[PlyCount "55"]
[EventDate "2008.05.01"]
[EventType "swiss"]
[EventRounds "7"]
[EventCountry "GER"]
[SourceTitle "EXT 2018"]
[Source "ChessBase"]
[SourceDate "2017.10.13"]
[SourceVersion "1"]
[SourceVersionDate "2017.10.13"]
[SourceQuality "1"]

1. d4 d5 2. Nf3 Nf6 3. g3 e6 4. Bg2 Be7 5. 0-0 0-0 6. b3 Nbd7 7. Bb2 b6 8. Ne5 Bb7 9. Nd2 c5 10. e3 Rc8 11. a3 Qc7 12. Rc1 Rfd8 13. f4 Ne4 14. Nxe4 dxe4 15. Qh5 g6 16. Qh3 f5 17. g4 Bf6 18. gxf5 exf5 19. c4 Qb8 20. Qg3 Kg7 21. h4 b5 22. h5 Nf8 23. hxg6 hxg6 24. Bh3 Kh7 25. d5 Bg7 26. Rf2 Rc7 27. Rg2 Re7 28. Qh4+ 1-0

[Event "Budapest FS08 FM-A"]
[Site "Budapest"]
[Date "2006.08.14"]
[Round "10"]
[White "Kubacsny, Vilmos"]
[Black "Fekete, Jozsef"]
[Result "0-1"]
[WhiteElo "2079"]
[BlackElo "2193"]
[PlyCount "92"]
[EventDate "2006.08.05"]
[EventType "tourn"]
[EventRounds "13"]
[EventCountry "HUN"]
[SourceTitle "CBM 113 Extra"]
[Source "ChessBase"]
[SourceDate "2006.09.14"]
[SourceVersion "1"]
[SourceVersionDate "2006.09.14"]
[SourceQuality "1"]

1. d4 d6 2. e4 g6 3. Nf3 Bg7 4. Nc3 Bg4 5. Be2 Nc6 6. Be3 e5 7. d5 Nce7 8. Nd2 Bd7 9. 0-0 f5 10. f4 fxe4 11. fxe5 Nf5 12. Rxf5 gxf5 13. Bh5+ Kf8 14. Ndxe4 Bxe5 15. Bg5 Nf6 16. Qf3 Rg8 17. Bh6+ Ke7 18. Nxf6 Bxf6 19. Qe3+ Be5 20. Bg5+ Rxg5 21. Qxg5+ Kf8 22. Qh6+ Kg8 23. Rf1 Qf6 24. Qxf6 Bxf6 25. Rf3 Bd4+ 26. Kf1 Kg7 27. Rd3 Be5 28. h3 Kh6 29. Bf3 Re8 30. b3 Kg5 31. Ne2 h5 32. c4 a5 33. Nd4 Re7 34. Kf2 h4 35. Be2 Bg3+ 36. Rxg3+ hxg3+ 37. Kxg3 f4+ 38. Kf2 Bf5 39. h4+ Kf6 40. Bf3 Bb1 41. a4 Ke5 42. Nb5 Bc2 43. Ke2 Bxb3 44. Kd3 Bxa4 45. Nd4 Bd7 46. Be4 Bg4 0-1

[Event "Baden-ch Seniors"]
[Site "Ottenau"]
[Date "2005.04.01"]
[Round "8"]
[White "Kaufmann, Helmut"]
[Black "Kubacsny, Vilmos"]
[Result "1/2-1/2"]
[WhiteElo "2092"]
[BlackElo "2129"]
[PlyCount "91"]
[EventDate "2005.03.25"]
[EventType "swiss"]
[EventRounds "9"]
[EventCountry "GER"]
[SourceTitle "CBM 105 Extra"]
[Source "ChessBase"]
[SourceDate "2005.05.01"]
[SourceVersion "1"]
[SourceVersionDate "2005.05.01"]
[SourceQuality "1"]

1. d4 Nf6 2. Nd2 d6 3. g3 e5 4. dxe5 dxe5 5. Bg2 Bc5 6. e3 Bg4 7. Ne2 Nc6 8. h3 Bh5 9. 0-0 Qe7 10. c3 0-0 11. b4 Bb6 12. Nc4 Rad8 13. Qc2 Bg6 14. e4 Qe6 15. Nxb6 axb6 16. f3 Qc4 17. a3 Nd4 18. Nxd4 exd4 19. Bd2 Nd5 20. Rfc1 dxc3 21. Bxc3 Ne3 22. Qb2 Qd3 23. Bf1 Nxf1 24. Rxf1 f6 25. Rf2 Rd6 26. Kg2 Bf7 27. Rd2 Qb5 28. Rad1 Rc6 29. Rd4 Be6 30. g4 h5 31. Be1 hxg4 32. hxg4 Qa4 33. R1d2 Kf7 34. Bg3 Qb5 35. Qb1 Ra8 36. Qb2 Qa4 37. b5 Rc4 38. Rxc4 Bxc4 39. Rd7+ Kg8 40. Rxc7 Qxb5 41. Qxb5 Bxb5 42. Rxb7 Rxa3 43. Rxb6 Be2 44. e5 Bxf3+ 45. Kh3 Ra4 46. exf6 1/2-1/2

[Event "Budapest FS02 Elo-A"]
[Site "Budapest"]
[Date "2005.02.15"]
[Round "11"]
[White "Mihok, Oliver"]
[Black "Kubacsny, Vilmos"]
[Result "1-0"]
[WhiteElo "2082"]
[BlackElo "2129"]
[PlyCount "79"]
[EventDate "2005.02.05"]
[EventType "tourn"]
[EventRounds "11"]
[EventCountry "HUN"]
[SourceTitle "EXT 2006"]
[Source "ChessBase"]
[SourceDate "2005.11.24"]
[SourceVersion "1"]
[SourceVersionDate "2005.11.24"]
[SourceQuality "1"]

1. e4 c5 2. Nf3 e6 3. d4 cxd4 4. Nxd4 a6 5. Nc3 Qc7 6. Bd3 Nc6 7. Be3 b5 8. 0-0 Nf6 9. f4 Nxd4 10. Bxd4 Bc5 11. Bxc5 Qxc5+ 12. Kh1 b4 13. Ne2 Bb7 14. Ng3 h5 15. e5 h4 16. Nf5 Nh5 17. Nxh4 g6 18. Qg4 0-0-0 19. a3 Qd5 20. Nf3 f5 21. exf6 Nxf6 22. Qg5 Nh5 23. Qxd5 Bxd5 24. Bxa6+ Kc7 25. Kg1 Nxf4 26. axb4 g5 27. Nxg5 Rdg8 28. Rxf4 Rxg5 29. Bf1 e5 30. Rf6 Be6 31. Ra7+ Kd6 32. b5 Ke7 33. Rf3 Rgh5 34. h3 Rg5 35. g4 e4 36. Re3 Rc8 37. c4 Bxc4 38. Rxe4+ Be6 39. b6 Rc2 40. Rb4 1-0

[Event "Budapest FS02 Elo-A"]
[Site "Budapest"]
[Date "2005.02.08"]
[Round "4"]
[White "Kubacsny, Vilmos"]
[Black "Winkelmann, Elena"]
[Result "1-0"]
[WhiteElo "2129"]
[BlackElo "2049"]
[PlyCount "75"]
[EventDate "2005.02.05"]
[EventType "tourn"]
[EventRounds "11"]
[EventCountry "HUN"]
[SourceTitle "EXT 2006"]
[Source "ChessBase"]
[SourceDate "2005.11.24"]
[SourceVersion "1"]
[SourceVersionDate "2005.11.24"]
[SourceQuality "1"]

1. Nf3 d5 2. c4 d4 3. c5 e6 4. Qa4+ Nc6 5. b4 Bd7 6. b5 Nb8 7. Ba3 a6 8. e3 Nf6 9. Nxd4 c6 10. b6 g6 11. Nc3 Bg7 12. h4 e5 13. Nf3 Qe7 14. Ng5 e4 15. Rd1 Bf5 16. d4 h6 17. Nh3 Bxh3 18. Rxh3 0-0 19. Bc4 Rd8 20. Qb3 Nbd7 21. Rg3 Kf8 22. Ne2 Nh5 23. Rh3 Nhf6 24. Nf4 g5 25. hxg5 hxg5 26. Ne2 Ng8 27. Ng3 Nh6 28. Ke2 f5 29. Rdh1 Qf6 30. Nh5 Qg6 31. Nxg7 Kxg7 32. Rxh6 Qxh6 33. Rxh6 Kxh6 34. d5 Ne5 35. d6 Nxc4 36. Qxc4 Rf8 37. Bb2 Rae8 38. Qd4 1-0

[Event "Budapest FS02 Elo-A"]
[Site "Budapest"]
[Date "2005.02.06"]
[Round "2"]
[White "Kubacsny, Vilmos"]
[Black "Szirmai, Eduard"]
[Result "0-1"]
[WhiteElo "2129"]
[BlackElo "2116"]
[PlyCount "56"]
[EventDate "2005.02.05"]
[EventType "tourn"]
[EventRounds "11"]
[EventCountry "HUN"]
[SourceTitle "EXT 2006"]
[Source "ChessBase"]
[SourceDate "2005.11.24"]
[SourceVersion "1"]
[SourceVersionDate "2005.11.24"]
[SourceQuality "1"]

1. e4 d6 2. d4 Nf6 3. Nc3 c6 4. Bd3 e5 5. Nge2 Be7 6. 0-0 0-0 7. Kh1 b5 8. a3 a6 9. f4 exd4 10. Nxd4 c5 11. e5 dxe5 12. fxe5 Bg4 13. Nf3 Nfd7 14. Be4 Ra7 15. Bf4 Nb6 16. Qe1 f5 17. Rd1 Rd7 18. Rxd7 Qxd7 19. e6 Qd8 20. Bb7 Bxf3 21. Rxf3 c4 22. h3 Bd6 23. Nd5 Nxd5 24. Bxd5 Be7 25. Qe5 Kh8 26. Rg3 Bf6 27. Qxf5 Bh4 28. Be5 Bxg3 0-1

[Event "Baden-ch MA"]
[Site "Eppingen"]
[Date "2004.04.12"]
[Round "5"]
[White "Schmitt, Christian"]
[Black "Kubacsny, Vilmos"]
[Result "1-0"]
[WhiteElo "2200"]
[BlackElo "2174"]
[PlyCount "97"]
[EventDate "2004.04.??"]
[EventType "swiss"]
[EventRounds "11"]
[EventCountry "GER"]
[SourceTitle "EXT 2005"]
[Source "ChessBase"]
[SourceDate "2004.11.15"]
[SourceVersion "1"]
[SourceVersionDate "2004.11.15"]
[SourceQuality "1"]

1. e4 d6 2. d4 g6 3. Nf3 Bg7 4. c4 Nf6 5. Nc3 0-0 6. Be2 c6 7. 0-0 Qc7 8. Bg5 Nbd7 9. Qd2 Re8 10. Rab1 e5 11. d5 Nc5 12. Bxf6 Bxf6 13. b4 Nd7 14. dxc6 bxc6 15. Rfd1 Be7 16. Na4 Nf6 17. Qc2 a5 18. c5 axb4 19. cxd6 Bxd6 20. Nc5 Ra5 21. Nb3 Ra8 22. Rbc1 Ba6 23. Bxa6 Rxa6 24. Qd3 Rxa2 25. Qxd6 Qxd6 26. Rxd6 Nxe4 27. Rdxc6 Nxf2 28. Rc8 Rxc8 29. Rxc8+ Kg7 30. Nxe5 Kf6 31. Nf3 g5 32. Rc6+ Kf5 33. Rc5+ Kf4 34. Nfd2 Nd3 35. Rc4+ Ke5 36. Re4+ Kf5 37. Rd4 Nf4 38. Rxb4 h5 39. Rb5+ Kg6 40. Kf2 Rc2 41. g3 Nh3+ 42. Ke3 Rc6 43. Nc5 f5 44. Nc4 Rf6 45. Ne5+ Kh6 46. Ncd7 f4+ 47. Ke4 fxg3 48. Nxf6 g2 49. Rb7 1-0

[Event "Baden-ch MA"]
[Site "Eppingen"]
[Date "2004.04.10"]
[Round "2"]
[White "Kubacsny, Vilmos"]
[Black "Feiguelman, Boris"]
[Result "1-0"]
[WhiteElo "2174"]
[BlackElo "2132"]
[PlyCount "92"]
[EventDate "2004.04.??"]
[EventType "swiss"]
[EventRounds "11"]
[EventCountry "GER"]
[SourceTitle "EXT 2005"]
[Source "ChessBase"]
[SourceDate "2004.11.15"]
[SourceVersion "1"]
[SourceVersionDate "2004.11.15"]
[SourceQuality "1"]

1. d4 g6 2. e4 Bg7 3. Be3 c6 4. Bc4 d5 5. exd5 cxd5 6. Bb3 Nf6 7. h3 0-0 8. Nf3 Nc6 9. 0-0 Na5 10. Nbd2 Nxb3 11. axb3 Bf5 12. Ne5 Nd7 13. Ndf3 Nxe5 14. Nxe5 Qc7 15. Nd3 Rfc8 16. c3 Bxd3 17. Qxd3 a6 18. g3 Qd7 19. Kg2 Rd8 20. b4 Qc6 21. f4 f5 22. Ra5 b5 23. Bf2 Rab8 24. Re1 e6 25. Re2 Rd6 26. Ra1 h5 27. g4 hxg4 28. hxg4 fxg4 29. Bg3 e5 30. fxe5 Re6 31. Qd2 Qc4 32. Rae1 Rf8 33. Qg5 Qc8 34. Qxg4 Rxe5 35. Qxc8 Rxe2+ 36. Rxe2 Rxc8 37. Re6 a5 38. bxa5 b4 39. Rxg6 bxc3 40. bxc3 Kf7 41. Rd6 Rxc3 42. Rxd5 Ra3 43. Rd7+ Kg6 44. Bc7 Bf8 45. Bd6 Rxa5 46. Bxf8 Rh5 1-0

[Event "Budapest FS02 FM-A"]
[Site "Budapest"]
[Date "2004.02.17"]
[Round "10"]
[White "Szell, Lajos"]
[Black "Kubacsny, Vilmos"]
[Result "1-0"]
[WhiteElo "2200"]
[BlackElo "2174"]
[PlyCount "41"]
[EventDate "2004.02.07"]
[EventType "tourn"]
[EventRounds "11"]
[EventCountry "HUN"]
[SourceTitle "CBM 098 Extra"]
[Source "ChessBase"]
[SourceDate "2004.03.10"]
[SourceVersion "2"]
[SourceVersionDate "2004.03.10"]
[SourceQuality "1"]

1. e4 c5 2. Nc3 Nc6 3. f4 g6 4. Nf3 Bg7 5. Bb5 a6 6. Bxc6 dxc6 7. d3 Bg4 8. 0-0 Bd4+ 9. Kh1 e5 10. f5 gxf5 11. exf5 Bxc3 12. bxc3 f6 13. h3 h5 14. Qe1 Bxf3 15. Rxf3 h4 16. Be3 Qe7 17. Qf2 b6 18. Rb1 Qc7 19. d4 0-0-0 20. dxe5 fxe5 21. f6 1-0

[Event "Budapest FS02 FM-A"]
[Site "Budapest"]
[Date "2004.02.15"]
[Round "8"]
[White "Koczo, Kristof"]
[Black "Kubacsny, Vilmos"]
[Result "1/2-1/2"]
[WhiteElo "2173"]
[BlackElo "2174"]
[PlyCount "175"]
[EventDate "2004.02.07"]
[EventType "tourn"]
[EventRounds "11"]
[EventCountry "HUN"]
[SourceTitle "CBM 098 Extra"]
[Source "ChessBase"]
[SourceDate "2004.03.10"]
[SourceVersion "2"]
[SourceVersionDate "2004.03.10"]
[SourceQuality "1"]

1. d4 Nf6 2. c4 e6 3. Nf3 b6 4. g3 Bb4+ 5. Bd2 Be7 6. Nc3 Bb7 7. Bg2 0-0 8. 0-0 d6 9. Qc2 Nbd7 10. e4 e5 11. d5 c6 12. dxc6 Bxc6 13. Rfd1 Qc7 14. Nd5 Bxd5 15. exd5 Rac8 16. Rac1 b5 17. b3 bxc4 18. bxc4 Nc5 19. Nh4 Rfe8 20. Nf5 Bf8 21. f4 g6 22. fxe5 Rxe5 23. Nd4 Ng4 24. Re1 Rce8 25. Rxe5 Nxe5 26. Re1 Qd7 27. Nf3 Ned3 28. Re3 Rxe3 29. Bxe3 Bg7 30. Bf1 Qe7 31. Qe2 Qe4 32. Nd2 Qe7 33. Nb3 Nxb3 34. axb3 Ne5 35. Bf2 a5 36. Bg2 h5 37. h3 f5 38. Be1 Qb7 39. Qe3 a4 40. bxa4 Nxc4 41. Qe8+ Kh7 42. Qb5 Bd4+ 43. Kh2 Qxb5 44. axb5 Bb6 45. Bb4 Kg7 46. Bf3 Kf6 47. Be2 Ne3 48. Bxd6 Nxd5 49. Kg2 Nc3 50. Bc4 g5 51. Bb4 Ne4 52. Be2 g4 53. h4 Ke5 54. Bc4 f4 55. gxf4+ Kxf4 56. Bf7 Bd8 57. Bxh5 Bxh4 58. Ba5 Be7 59. b6 Bd6 60. Be1 Kg5 61. Be8 Nc5 62. Bc6 Na6 63. b7 Nb8 64. Bb5 Kf6 65. Be2 g3 66. Bxg3 Bxg3 67. Kxg3 Ke5 68. Kf3 Kd6 69. Ke3 Kc5 70. Kd3 Nc6 71. Bf3 Nb4+ 72. Kc3 Na6 73. Kb3 Kb6 74. Kc4 Nb8 75. Kd4 Na6 76. Ke5 Kc7 77. Kd4 Kb6 78. Kc4 Nb8 79. Kb4 Na6+ 80. Kc3 Nb8 81. Be4 Na6 82. Kc4 Nb8 83. Kd4 Nd7 84. Bg2 Nb8 85. Ke5 Kc7 86. Ke6 Na6 87. Ke5 Nc5 88. Kd4 1/2-1/2

[Event "Budapest FS02 FM-A"]
[Site "Budapest"]
[Date "2004.02.13"]
[Round "6"]
[White "Schneider, Veronika"]
[Black "Kubacsny, Vilmos"]
[Result "1-0"]
[WhiteElo "2113"]
[BlackElo "2174"]
[PlyCount "81"]
[EventDate "2004.02.07"]
[EventType "tourn"]
[EventRounds "11"]
[EventCountry "HUN"]
[SourceTitle "CBM 098 Extra"]
[Source "ChessBase"]
[SourceDate "2004.03.10"]
[SourceVersion "2"]
[SourceVersionDate "2004.03.10"]
[SourceQuality "1"]

1. e4 c5 2. c3 d5 3. exd5 Qxd5 4. d4 cxd4 5. cxd4 Nc6 6. Nf3 e5 7. Nc3 Bb4 8. Bd2 Bxc3 9. Bxc3 e4 10. Ne5 Nxe5 11. dxe5 Ne7 12. Qc2 Bf5 13. Rd1 e3 14. Rxd5 Bxc2 15. Bb5+ Nc6 16. f3 Rd8 17. Rxd8+ Kxd8 18. Ke2 Bf5 19. Kxe3 h5 20. Rd1+ Kc8 21. Bc4 Nd8 22. Bd4 b6 23. Rc1 Kb8 24. Bc3 Be6 25. Bb4 Bxc4 26. Rxc4 Ne6 27. f4 g6 28. Be7 Kb7 29. Ke4 Re8 30. Bf6 Nc5+ 31. Kd5 Re6 32. b4 Na6 33. Ke4 Nb8 34. f5 gxf5+ 35. Kxf5 Nd7 36. Rh4 Kc6 37. Rxh5 Kd5 38. Kf4 Kc4 39. Rf5 Kxb4 40. h4 a5 41. h5 1-0